[Event "Stay Safe Play From Home 262"]
[Site "Emanuel Lasker Arena"]
[Date "2020.06.29"]
[Round "1"]
[White "Broken sword"]
[Black "Mandy"]
[Result "1-0"]
[WhiteElo "2453"]
[BlackElo "959"]
[Annotator "TA"]
[PlyCount "39"]
[EventDate "2020.06.29"]
[EventType "swiss (blitz)"]

{[%evp 9,39,26,100,-26,53,-34,-9,-31,0,0,6,-16,26,0,373,41,395,376,395,380,428,404,451,442,472,447,470,467,475,467,490,460]} 1. d4 d5 2. c4 c6 3. Nf3 Bf5 4. Nc3 Nf6 5. Qb3 Qc7 (5... Qb6 $11 {keeps the balance.}) 6. c5 {D15: Slav Defence: 4 Nc3 a6 and gambit lines after 4 Nc3 dxc4.} ({White should play} 6. cxd5 $16 Nbd7 7. Bd2 (7. dxc6 bxc6 8. g3 e6 $16)) 6... g6 (6... b6 $11) 7. e3 (7. Bf4 $14 Qc8 8. h3) 7... e6 {[#]} 8. Be2 $146 {The position is equal.} ({Predecessor:} 8. Ne5 Nfd7 9. f4 Nxe5 10. fxe5 Nd7 11. Be2 h5 12. Bd2 Be7 13. a4 {0-1 (45) Thibaut,G-Aggos,A Leipzig 1960}) 8... Bg7 9. Nh4 O-O 10. Nxf5 gxf5 11. h3 Nh5 $2 {[%mdl 8192] [#]} (11... b6 $11) 12. Bd2 $2 ({White must play} 12. Bxh5 $18 {Strongly threatening 0-0.} b6 13. cxb6 axb6 14. O-O) 12... Nd7 $2 {[%mdl 8192] Loses the game.} (12... Nf6 $14) 13. Bxh5 $18 Nf6 14. Bf3 h6 15. O-O a6 16. Ne2 {White is clearly winning.} Rab8 17. Qc3 b5 18. cxb6 Qxb6 19. b3 Qc7 20. Rfc1 {Accuracy: White = 43%, Black = 24%.} 1-0

[Event "Stay Safe Play From Home 262"]
[Site "Emanuel Lasker Arena"]
[Date "2020.06.29"]
[Round "1"]
[White "Kubas"]
[Black "Haris kollari 13"]
[Result "1-0"]
[WhiteElo "2420"]
[BlackElo "1772"]
[Annotator "NA RC"]
[PlyCount "69"]
[EventDate "2020.06.29"]
[EventType "swiss (blitz)"]

1. Nf3 {[%emt 0:00:00]} e6 {[%emt 0:00:00]} 2. g3 {[%emt 0:00:00]} d5 {[%emt 0:00:00]} 3. Bg2 {[%emt 0:00:00]} f5 {[%emt 0:00:00]} 4. O-O {[%emt 0:00:01]} c5 {[%emt 0:00:01]} 5. d3 {[%emt 0:00:00]} Nc6 {[%emt 0:00:01]} 6. Nbd2 {[%emt 0:00:00]} Nf6 {[%emt 0:00:01]} 7. Re1 {[%emt 0:00:01]} d4 {[%emt 0:00:01]} 8. e4 {[%emt 0:00:01]} fxe4 {[%emt 0:00:03]} 9. Nxe4 {[%emt 0:00:01]} e5 {[%emt 0:00:01]} 10. Bg5 {[%emt 0:00:02]} Bf5 {[%emt 0:00:06]} 11. Nh4 {[%emt 0:00:02]} Bg6 {[%emt 0:00:04]} 12. f4 {[%emt 0:00:08]} Bd6 {[%emt 0:00:08]} 13. Nxd6+ {[%emt 0:00:08]} Qxd6 {[%emt 0:00:01]} 14. Bxc6+ {[%emt 0:00:01]} Qxc6 {[%emt 0:00:04]} 15. Rxe5+ {[%emt 0:00:02]} Kf7 {[%emt 0:00:01]} 16. Bxf6 {[%emt 0:00:03]} gxf6 {[%emt 0:00:01]} 17. Re1 {[%emt 0:00:02]} Rhe8 {[%emt 0:00:01]} 18. Qf3 {[%emt 0:00:01]} Qxf3 {[%emt 0:00:05]} 19. Nxf3 {[%emt 0:00:00]} b5 {[%emt 0:00:03]} 20. Kf2 {[%emt 0:00:01]} b4 {[%emt 0:00:01]} 21. a3 {[%emt 0:00:01]} a5 {[%emt 0:00:02]} 22. axb4 {[%emt 0:00:01]} axb4 {[%emt 0:00:01]} 23. Rxa8 {[%emt 0:00:03]} Rxa8 {[%emt 0:00:01]} 24. Nd2 {[%emt 0:00:01]} Ra2 {[%emt 0:00:01]} 25. Rb1 {[%emt 0:00:01]} b3 {[%emt 0:00:01]} 26. Nxb3 {[%emt 0:00:01]} c4 {[%emt 0:00:04]} 27. Nxd4 {[%emt 0:00:01]} cxd3 {[%emt 0:00:01]} 28. cxd3 {[%emt 0:00:00]} Bxd3 {[%emt 0:00:01]} 29. Rd1 {[%emt 0:00:01]} Rxb2+ {[%emt 0:00:01]} 30. Ke3 {[%emt 0:00:00]} Bg6 {[%emt 0:00:00]} 31. Rd2 {[%emt 0:00:01]} Rb1 {[%emt 0:00:01]} 32. g4 {[%emt 0:00:02]} Rb4 {[%emt 0:00:01]} 33. f5 {[%emt 0:00:01]} Bxf5 {[%emt 0:00:02]} 34. gxf5 {[%emt 0:00:01]} Rxd4 {[%emt 0:00:01]} 35. Rxd4 {[%emt 0:00:01] Time (Lag: Av=0.36s, max=0.5s)} 1-0

[Event "Stay Safe Play From Home 262"]
[Site "Emanuel Lasker Arena"]
[Date "2020.06.29"]
[Round "1"]
[White "Praveen prasad"]
[Black "Edmatuag"]
[Result "1-0"]
[WhiteElo "2233"]
[BlackElo "1707"]
[Annotator "TA"]
[PlyCount "55"]
[EventDate "2020.06.29"]
[EventType "swiss (blitz)"]

{[%evp 9,55,-2,-2,0,1,-12,-8,-17,-11,-17,-14,-40,-37,-38,-40,-44,-25,-44,-2,-47,-9,-153,-31,-39,-33,-39,-33,-41,102,-78,-58,-96,16,0,-16,0,0,-207,-202,-203,-197,-217,137,-441,29989,29990,29998,29999]} 1. e4 c6 2. Nf3 d5 3. exd5 cxd5 4. Bb5+ Bd7 5. Bxd7+ Nxd7 6. O-O {B10: Caro-Kann: 2 d3 and 2 c4.} e6 7. Re1 Ngf6 {[#]} 8. b3 $146 {The position is equal.} ({Predecessor:} 8. Nc3 Bc5 9. a3 Ng4 10. Rf1 O-O 11. h3 Nge5 12. Nxe5 Nxe5 13. Re1 Qb6 14. Rf1 {½-½ (40) Ben Amor,Y-Roell,L (969) Magdeburg 2015}) 8... Be7 9. Bb2 O-O 10. Nc3 a6 11. Ne2 Qc7 12. Ng3 Bd6 13. Rc1 h6 14. d3 Rac8 15. Bd4 (15. c4 $11 {remains equal.}) 15... e5 ({Black should try} 15... Ba3 $17 16. Ra1 Qxc2) 16. Bb2 $15 Rfe8 17. Nf5 Bf8 $36 {[%mdl 2048] Black is more active.} 18. c4 e4 (18... d4 $15 {keeps the upper hand.}) 19. N3d4 $2 {[#]} (19. cxd5 $16 {is forced if you want to stay better.} Qf4 20. dxe4) 19... exd3 (19... Nc5 {is more complex.} 20. cxd5 exd3 21. d6 Bxd6 22. Nf3 Qd7) 20. Qxd3 Re4 (20... dxc4 $17 21. Rxe8 Rxe8 22. Qxc4 Qxc4 23. bxc4 Re5) 21. cxd5 Rxe1+ 22. Rxe1 Nxd5 23. Nxh6+ $2 (23. Nb5 $11 Qa5 24. Nxh6+ gxh6 25. Qg3+ Kh7 26. Qd3+ {[%mdl 64] Double Attack} Kg8 27. Qg3+ Kh7 28. Qd3+ {[%mdl 64] Double Attack} Kg8) 23... gxh6 $19 24. Nf5 N5f6 25. Qh3 {[#]} Bg7 $2 ({Better is} 25... Qa5 $1 $19 {[%cal Ra5e1]} 26. Rf1 Rc2 27. Bxf6 Nxf6 28. Nxh6+ Bxh6 29. Qxh6 Qe5) 26. Bc1 $2 {[%mdl 8192]} (26. Nxh6+ $16 Bxh6 27. Qxh6) 26... Kf8 $4 {[%mdl 8192]} (26... Qxc1 $19 27. Kf1 Qc7 28. Ne7+ Kh8 29. Nxc8 Qxc8) 27. Bxh6 Bxh6 28. Qxh6+ {Accuracy: White = 51%, Black = 47%.} 1-0

[Event "Stay Safe Play From Home 262"]
[Site "Emanuel Lasker Arena"]
[Date "2020.06.29"]
[Round "1"]
[White "Lamborghini"]
[Black "Justwatch"]
[Result "1-0"]
[WhiteElo "2222"]
[BlackElo "1660"]
[Annotator "TA"]
[PlyCount "77"]
[EventDate "2020.06.29"]
[EventType "swiss (blitz)"]

{[%evp 11,77,17,73,27,48,33,62,18,23,22,30,10,75,35,97,68,97,79,141,141,138,142,170,136,208,141,136,110,180,163,206,200,286,286,331,316,304,322,562,539,593,434,483,412,416,401,402,271,250,249,322,344,337,334,356,239,318,160,247,213,531,489,471,443,640,618,1079,1048]} 1. e4 Nf6 2. e5 Nd5 3. d4 d6 4. c4 Nb6 5. exd6 cxd6 6. Nc3 Nc6 (6... g6 $11) 7. a4 {[#] B03: Alekhine's Defence: Four Pawns Attack.} Nd7 $146 ({Predecessor:} 7... Bf5 8. Be3 e6 9. a5 Nd7 10. Qa4 a6 11. Nf3 Be7 12. d5 Nce5 13. Nxe5 dxe5 14. g4 Bxg4 {1-0 (35) Majer,D (2286)-Hafner,C (2072) Kassel 1999}) 8. Nf3 g6 9. h3 {White is slightly better.} Bg7 10. Be2 O-O 11. O-O Nf6 (11... e5 $11) 12. Bg5 (12. d5 $5 {[%cal Rd5c6]}) 12... Bd7 (12... d5 $14) 13. Re1 Qc8 14. Bf1 $36 {[%mdl 2048] White is in control.} a6 (14... h6 $142 15. Be3 Nb4) 15. d5 $16 Ne5 16. Nxe5 dxe5 17. Rxe5 Re8 (17... h6 $16) 18. Qe2 h6 19. Bh4 g5 (19... e6 $16 {was worth a try.}) 20. Bg3 $18 Qc5 21. Re1 Nh7 (21... Qb6 $142 22. Qf3 (22. Rxe7 $2 Rxe7 23. Qxe7 Re8 $19) 22... Qb4) 22. Rxe7 Rxe7 23. Qxe7 Qxe7 24. Rxe7 Bxc3 $2 (24... Nf8 25. c5 Rd8) 25. Rxd7 Bxb2 26. Rxb7 Ba3 27. c5 Bxc5 28. d6 Rd8 29. d7 Nf6 30. Bxa6 {[#] Black must now prevent Bb5.} Rxd7 31. Rxd7 Nxd7 {[%mdl 4096] Endgame KBB-KBN} 32. Bb5 Nb6 33. Kf1 Nd5 34. Ke2 ({White should try} 34. a5 $18) 34... Bb4 (34... Nf4+ $16 35. Kf1 Bb4) 35. Kd3 {[#] Strongly threatening Kc4.} Nf6 $2 (35... Be1 {is tougher.} 36. Ke2 Ba5) 36. Kc4 {White is clearly winning.} Ba5 37. Be5 Nh5 (37... Ne4 $142 38. Bc6 Nxf2) 38. Bc3 Bxc3 39. Kxc3 {Accuracy: White = 47%, Black = 21%.} 1-0

[Event "Stay Safe Play From Home 262"]
[Site "Emanuel Lasker Arena"]
[Date "2020.06.29"]
[Round "1"]
[White "Bardellosport"]
[Black "Mepe_Nika"]
[Result "0-1"]
[WhiteElo "2006"]
[BlackElo "2432"]
[Annotator "TA"]
[PlyCount "74"]
[EventDate "2020.06.29"]
[EventType "swiss (blitz)"]

{[%evp 9,73,5,6,3,7,4,10,4,2,0,5,0,5,-6,20,17,21,-6,-16,-7,0,-1,-16,-42,-14,-68,-45,-137,-124,-141,-97,-161,-122,-106,-108,-175,-135,-137,0,-29998,-85,-93,-100,-127,-120,-137,-114,-232,-145,-242,-145,-246,-119,-294,-287,-324,-318,-492,-498,-572,-545,-29990,-29991,-29996,-29997,-29999]} 1. d4 d5 2. c3 Nf6 3. Bf4 Bf5 4. e3 e6 5. Nf3 Bd6 6. Bd3 {D02: 1 d4 d5 2 Nf3 sidelines, including 2...Nf6 3 g3 and 2...Nf6 3 Bf4.} Bxf4 7. exf4 Be4 {[#]} 8. Bxe4 $146 {The position is equal.} ({Predecessor:} 8. g3 c6 9. O-O Nbd7 10. Qe2 Bxd3 11. Qxd3 Ne4 12. Nbd2 Nxd2 13. Qxd2 Nf6 14. Rfe1 {1-0 (62) Khenfir,H (1484)-Gtari,A (1566) Saint Paul Trois Chateaux 2013}) 8... Nxe4 9. Ne5 O-O 10. O-O f6 11. Nf3 c5 12. Nbd2 Nc6 13. Nxe4 dxe4 14. Nd2 cxd4 {With the idea ...f5.} 15. Nxe4 Qd5 16. f3 Rfd8 17. cxd4 (17. Re1 $11) 17... Nxd4 18. Qa4 ({Better is} 18. Kh1 $15) 18... b5 $36 {[%mdl 2048] Black is really pushing.} 19. Qa5 f5 20. Ng5 (20. Nf2 $17) 20... h6 21. Nh3 Kh7 22. Nf2 (22. Kh1 $17 {might work better.}) 22... Ne2+ 23. Kh1 Nxf4 (23... Qd4 $17 24. Qxb5 Nxf4) 24. g3 $2 {[%mdl 8192] [#]} (24. Rfd1 $11 Qc5 25. Rxd8 Rxd8 26. Qxd8 Qxf2 {[%mdl 64] Double Attack} 27. Rg1) 24... Nd3 $2 (24... Qxf3+ {mates} 25. Kg1 Qg2#) 25. Nxd3 $17 Qxd3 26. Qe1 Qd5 27. Qf2 Rac8 28. Rae1 (28. Qxa7 $17 Rc2 29. Rf2) 28... a5 29. Re2 (29. a3 $17) 29... Rd6 (29... Qxa2 $19 30. Rfe1 Rd3) 30. Kg2 (30. a3 $17 {is a better defense.}) 30... Rcd8 (30... Qxa2 $19 {and Black stays clearly on top.} 31. b4 Qa3 32. bxa5 Qxa5) 31. Rfe1 $2 {[#] Now White is beyond hope.} (31. a3 $17 {was worth a try.}) 31... Qxa2 $19 32. h4 Qc4 33. Re3 (33. Qe3 $142) 33... Rd2 34. R1e2 Qc2 35. Rxd2 Rxd2 {Black mates.} (35... Qxd2 $2 36. Re2 $19) 36. Kh3 Rxf2 {[%csl Gc2][%cal Rf2h2]} 37. Rxe6 Rh2# {Accuracy: White = 32%, Black = 47%.} 0-1

[Event "Stay Safe Play From Home 262"]
[Site "Emanuel Lasker Arena"]
[Date "2020.06.29"]
[Round "1"]
[White "Souchov"]
[Black "Lazieri3"]
[Result "1/2-1/2"]
[WhiteElo "1919"]
[BlackElo "2077"]
[Annotator "TA"]
[PlyCount "122"]
[EventDate "2020.06.29"]
[EventType "swiss (blitz)"]

{[%evp 15,121,33,30,-14,-30,-24,-25,-45,-42,-50,-54,-71,-1,-12,-8,-11,159,162,164,164,172,162,199,199,209,202,199,173,208,161,150,145,147,147,140,96,104,98,102,93,108,85,127,129,150,166,179,177,162,0,0,0,164,0,0,0,0,0,0,0,0,0,0,0,0,0,0,0,0,0,0,0,196,0,0,-54,-54,-54,-54,-54,-54,-54,-54,-151,-8,-1518,-1356,-1138,-20,-34,-20,-34,-21,-34,-34,-34,-21,-21,0,0,0,0,8,0,8,0,8,0]} 1. e4 c6 2. d4 d5 3. Nd2 dxe4 4. Nxe4 Nd7 {[%cal Bb8d7,Bd7f6,Bf6d5][%mdl 32]} 5. Nf3 Ngf6 6. Bd3 Nxe4 7. Bxe4 Nf6 8. Bd3 Bg4 9. O-O {Recently 9.h3 got a lot of attention. B17: Caro-Kann: Modern Line (4...Nd7).} Bxf3 10. Qxf3 Qxd4 11. c3 {Black has an edge.} Qg4 {[#]} 12. Qe3 $146 ({Predecessor:} 12. Qxg4 Nxg4 13. Re1 e6 14. h3 Nf6 15. Be3 Be7 16. Rad1 O-O 17. c4 Rfd8 18. a3 {0-1 (45) Miranda,M (1800)-Carmo e Silva,J (1906) Fortaleza 2017}) 12... Nd5 13. Qe5 e6 (13... f6 $1 $17 {[%cal Rf6e5]} 14. Qe1 e5) 14. c4 Nf6 15. Qc7 Qd4 $2 (15... Rd8 $11 16. h3 Qd4) 16. Qxb7 $16 Rd8 17. Qxc6+ Qd7 18. Qxd7+ Rxd7 19. Bc2 Rc7 20. Ba4+ Kd8 21. b3 Kc8 22. Bd2 Bc5 23. Ba5 Bb6 24. Bxb6 axb6 25. Rac1 Rd8 26. Rfd1 Ne4 {With the idea ...Rxd1+.} 27. Rxd8+ Kxd8 {[%mdl 4096] Endgame KRB-KRN} 28. Kf1 Nc5 29. Bb5 Ke7 30. b4 Nd3 31. Rb1 Ne5 32. Rc1 Nd3 33. Rb1 Ne5 34. a4 $2 ({Better is} 34. Ke2 $18) 34... Nxc4 $11 35. Bxc4 Rxc4 {KR-KR} 36. a5 bxa5 37. bxa5 Ra4 38. Rb7+ Kf6 39. Ra7 Ra2 40. g3 h5 41. Kg2 g6 42. h4 e5 43. Kf3 Kf5 $2 (43... Ke6 $11 {and Black is okay.}) 44. Kg2 $2 (44. Rxf7+ $18 Ke6 45. Rg7) 44... f6 45. a6 ({White should play} 45. Ra8 $11) 45... e4 $1 $15 46. Ra8 e3 $1 47. Kf3 exf2 48. Kg2 Kg4 49. a7 {[#]} (49. Rg8 $1 $15) 49... g5 (49... f1=R+ $1 $17 {[%mdl 512]} 50. Kxf1 Kf3) 50. hxg5 $2 {[%mdl 8192]} (50. Rf8 $11 f1=R+ 51. Kxf1 Rxa7 52. Rxf6) 50... fxg5 $19 51. Rb8 {[#]} Rxa7 $2 (51... f1=Q+ $1 $19 {[%mdl 512]} 52. Kxf1 Rxa7) 52. Rb4+ $11 Kf5 53. Kxf2 Kg6 54. Kf3 Rf7+ 55. Kg2 Rf6 56. Kh3 {The position is equal.} g4+ 57. Kh4 Rf5 58. Rb6+ Kf7 59. Rb7+ Ke6 60. Rb6+ Ke5 61. Re6+ Kxe6 {Never resign too early! Accuracy: White = 76%, Black = 74%.} 1/2-1/2

[Event "Stay Safe Play From Home 262"]
[Site "Emanuel Lasker Arena"]
[Date "2020.06.29"]
[Round "1"]
[White "Trotsky"]
[Black "Little champs"]
[Result "0-1"]
[WhiteElo "1590"]
[BlackElo "2214"]
[Annotator "TA"]
[PlyCount "58"]
[EventDate "2020.06.29"]
[EventType "swiss (blitz)"]

{[%evp 9,58,50,68,60,83,-7,0,-16,9,2,14,-56,-37,-98,-70,-66,254,8,111,93,109,93,128,-17,-18,0,-22,-87,-20,-32,4,4,133,-177,29,-102,92,77,77,0,0,-371,-29,-758,-273,-659,-272,-694,-199,-29990,-2186]} 1. d4 c6 2. e3 d5 3. c4 Nf6 4. Nc3 dxc4 5. Bxc4 g6 {[#]} 6. Qc2 $146 {D10: Slav Defence: 3 cxd5 (without early Nf3) and 3 Nc3.} ({Predecessor:} 6. Nf3 Bg7 7. O-O O-O 8. e4 b5 9. Bd3 b4 10. Na4 Ba6 11. Re1 Bxd3 12. Qxd3 Qa5 13. Qb3 {1-0 (48) Stojanovic,M (2522)-Lemmers,O (2327) Porto Carras 2018}) 6... Bg7 7. Bd3 ({White should try} 7. Nf3 $16) 7... O-O 8. Bd2 {The position is equal.} Nbd7 9. Nf3 Re8 10. O-O-O (10. e4 $11) 10... e5 $15 11. Ng5 (11. dxe5 $15 Nxe5 12. Nxe5 Rxe5 13. e4) 11... exd4 12. exd4 Qa5 $2 {[%mdl 8192]} (12... Nf8 $15 {stays ahead.}) 13. h4 $2 (13. Bc4 $18 Rf8 14. Nxf7) 13... Nb6 {[#]} (13... Nf8 $1 $11) 14. h5 $1 $16 {[%cal Rh5g6][%mdl 512]} Bf5 (14... Nxh5 15. Rde1) 15. hxg6 hxg6 16. Bxf5 (16. Qb3 $1 $16 {[%csl Gg5][%cal Rb3f7]} Nfd5 17. Bxf5 gxf5 18. Rh4) 16... Qxf5 $11 17. Qxf5 gxf5 18. f3 (18. Kc2 $11 {keeps the balance.}) 18... Nfd5 (18... Nc4 $17) 19. g4 Nxc3 20. bxc3 f4 (20... f6 $11 21. Nh3 fxg4 22. fxg4 Nc4) 21. Rh7 $2 {[%mdl 8192]} (21. Bxf4 $16 {stays on course.} Nd5 22. Bd2) 21... Nc4 $2 (21... f6 $19 22. Rxg7+ Kxg7) 22. Bxf4 (22. Rh2 $11) 22... Rad8 $2 (22... f6 $17 {keeps the pressure on.} 23. Rxg7+ Kxg7) 23. Rdh1 c5 {[#]} 24. R7h5 (24. Ne4 $1 $16) 24... cxd4 25. Nh7 $2 {[%mdl 8192]} (25. Ne4 $1 $11 {and White has nothing to worry.}) 25... dxc3 $2 (25... d3 $19 26. g5 Re2 27. Nf6+ Kf8) 26. Kc2 $2 {[%mdl 8192]} (26. g5 $11) 26... Ne3+ $2 (26... Re2+ 27. Kb3 Nd2+ {[%mdl 64] Double Attack} 28. Ka3 c2) 27. Kb3 $2 (27. Bxe3 Rxe3 28. R5h2) 27... c2 (27... Rd2 $142 {White must now prevent ...Rb2+.} 28. R5h2 Re6 29. Bxe3 Rxe3) 28. g5 $2 (28. Bxe3 Rxe3+ 29. Kxc2) 28... Rd1 $2 (28... Rd3+ 29. Ka4 Re6 30. Nf6+ Bxf6 31. gxf6 Ra6+ 32. Kb4 Rb6+ 33. Kc5 {[#]} c1=Q+ $1 {[%mdl 512]} 34. Rxc1 Rc6+ 35. Kb5 a6+ 36. Ka5 Rxc1 37. Rg5+ Kh7 38. Rg7+ Kh8 39. Bxe3 Rxe3) 29. g6 $2 (29. Bxe3 $19 Rxh1 30. Rxh1 Rxe3+ {[%mdl 64] Double Attack} 31. Kxc2) 29... fxg6 {Accuracy: White = 19%, Black = 15%.} (29... c1=Q $142 30. gxf7+ Kxf7 31. Rf5+ Kg8 32. Nf6+ Bxf6 33. Rh8+ {[%mdl 64] Decoy} Kxh8 34. Rh5+ Kg8 35. Rh8+ Bxh8 36. Bxe3 Rxe3+ {[%mdl 64] Double Attack} 37. Kb4 Qb2+ {[%mdl 64] Double Attack} 38. Kc5 Rc3#) 0-1

[Event "Stay Safe Play From Home 262"]
[Site "Emanuel Lasker Arena"]
[Date "2020.06.29"]
[Round "1"]
[White "Goofus3"]
[Black "SoulofWolf"]
[Result "0-1"]
[WhiteElo "1385"]
[BlackElo "2220"]
[Annotator "TA"]
[PlyCount "78"]
[EventDate "2020.06.29"]
[EventType "swiss (blitz)"]

{[%evp 9,77,30,103,31,91,86,96,0,0,-177,-50,-46,-37,-55,-50,-52,-59,-141,-20,-112,-31,-170,-145,-268,-262,-248,-147,-181,-86,-246,-191,-570,-376,-457,-427,-588,-554,-716,-705,-748,-750,-723,-681,-664,-655,-637,-590,-1637,-1618,-29990,-29991,-29991,-29992,-29992,-29993,-29994,-29993,-29993,-29993,-29992,-29992,-29994,-29995,-29995,-29995,-29995,-29995,-29997,-29998,-29999]} 1. d4 d5 2. Nf3 Nf6 3. g3 h6 4. Bg2 Nc6 5. O-O Bg4 (5... Bf5 $11) 6. Nbd2 {[#] D02: 1 d4 d5 2 Nf3 sidelines, including 2...Nf6 3 g3 and 2...Nf6 3 Bf4.} (6. Ne5 $16) 6... Qd7 $146 (6... e6 $14) ({Predecessor:} 6... e6 7. b3 Bb4 8. Bb2 O-O 9. a3 Bxd2 10. Nxd2 Re8 11. h3 Bh5 12. g4 Bg6 {½-½ (77) Waltenberger,U (2026)-Zwetz,A (1864) Bad Woerishofen 2016}) 7. c4 $16 e6 8. c5 (8. Ne5 $16 Nxe5 9. dxe5) 8... a5 $11 9. Nb3 $2 {[#]} (9. Qb3 $11) 9... a4 ({Better is} 9... Bxf3 $1 $19 10. Bxf3 a4) 10. Nbd2 $15 Be7 11. Ne5 Nxe5 12. dxe5 {Hoping for h3.} Nh7 $36 {[%mdl 2048] Black is more active.} 13. Nf3 (13. h3 $15 Bh5 14. b4) 13... O-O (13... Bxc5 $17 14. Bf4 Qb5) 14. Bf4 (14. Be3 $11 {keeps the balance.}) 14... Bf5 ({Black should play} 14... Bxc5 $17 15. h3 Bh5) 15. e4 (15. Be3 $15) 15... Bxe4 $19 16. Nd2 (16. Qc1 $17) 16... Bxg2 17. Kxg2 f6 (17... d4 $19 {...g5 is the strong threat.} 18. Ne4 Qd5) 18. Nf3 $17 c6 (18... Bxc5 $19 {has better winning chances.} 19. Qc2 Bb6 20. exf6 Nxf6) 19. Nd2 $2 (19. exf6 $17 {was necessary.} Bxf6 20. Bd6) 19... fxe5 20. Be3 $2 (20. Bxe5 Bxc5 21. Rc1) 20... Nf6 {aiming for ...d4.} 21. f4 d4 22. Bf2 e4 23. Qe1 e3 24. Bxe3 dxe3 25. Qxe3 Nd5 26. Qe2 Bxc5 27. Nc4 b5 28. Qg4 bxc4 29. b3 Ne3+ {[%mdl 64] [#] Double Attack. Black mates.} 30. Kh3 Nxg4 31. Kxg4 e5+ 32. Kf3 axb3 33. Kg2 b2 34. Rab1 c3 {[%cal Bc4c3,Bc3b2][%mdl 32]} 35. Rxb2 cxb2 36. Rb1 Qd2+ 37. Kh3 exf4 38. gxf4 Rxf4 {[%cal Ra8a3]} 39. Kg3 Ra3# {Accuracy: White = 18%, Black = 37%.} 0-1

[Event "Stay Safe Play From Home 262"]
[Site "Emanuel Lasker Arena"]
[Date "2020.06.29"]
[Round "1"]
[White "Klasman"]
[Black "BrainThinker22"]
[Result "0-1"]
[WhiteElo "1291"]
[BlackElo "2298"]
[Annotator "NA RC"]
[PlyCount "24"]
[EventDate "2020.06.29"]
[EventType "swiss (blitz)"]

1. f4 {[%emt 0:00:01]} e5 {[%emt 0:00:04]} 2. fxe5 {[%emt 0:00:01]} d6 {[%emt 0:00:01]} 3. Nf3 {[%emt 0:00:01]} g5 {[%emt 0:00:01]} 4. h3 {[%emt 0:00:07]} dxe5 {[%emt 0:00:05]} 5. e4 {[%emt 0:00:02]} g4 {[%emt 0:00:02]} 6. hxg4 {[%emt 0:00:04]} Bxg4 {[%emt 0:00:00]} 7. Bc4 {[%emt 0:00:04]} Nf6 {[%emt 0:00:05]} 8. Bxf7+ {[%emt 0:00:06]} Kxf7 {[%emt 0:00:03]} 9. Nxe5+ {[%emt 0:00:01]} Ke8 {[%emt 0:00:01]} 10. Nxg4 {[%emt 0:00:01]} Nxg4 {[%emt 0:00:00]} 11. Qxg4 {[%emt 0:00:02]} Qd7 {[%emt 0:00:03]} 12. d3 {[%emt 0:00:09]} Qxg4 {[%emt 0:00:02] Klasman offers a draw Klasman resigns (Lag: Av=0.56s, max=1.8s)} 0-1